| 000 | 02900cam a22004454i 4500 | ||
|---|---|---|---|
| 003 | PE-LiUPU | ||
| 005 | 20250731165416.0 | ||
| 008 | 151202s2007 pe grm 000 0 spa d | ||
| 035 | _a(Sirsi) a155390 | ||
| 040 |
_aPE-LiUPU _bspa _cPE-LiUPU _erda |
||
| 099 |
_aSP 3 _bR46 2007 |
||
| 100 | 1 |
_aReyna Velarde, Guadalupe _eautor |
|
| 245 | 1 |
_aPromoción de la actividad física saludable en usuarios internos del Instituto Nacional del Corazón Lima - Perú - 2005 / _Guadalupe Reyna Velarde. |
|
| 264 | 0 | _c2007. | |
| 300 |
_a51 hojas _c30 cm |
||
| 336 |
_atext _2rdacontent |
||
| 337 |
_aunmediated _2rdamedia |
||
| 338 |
_avolume _2rdacarrier |
||
| 502 |
_aTesis _b(Mg.) -- _cUniversidad Peruana Unión, _d2007. |
||
| 504 | _aIncluye referencias | ||
| 520 | 3 | _aEl estilo de vida sedentario es un grave factor de riesgo para la salud y el bienestar de la población, por lo que es necesario promover la salud a través de la actividad física. El objetivo del presente trabajo es un programa de promoción de la actividad física regular en usuarios internos del Instituto Nacional del Corazón INCOR. Se ha determinado la prevalencia de la actividad física mediante el cuestionario internacional de actividad física IPAQ. Los resultados indicaron la prevalencia del estilo de vida sedentario en los usuarios encuestados, donde el 76.7% del total de los encuestados, 76.3% de las mujeres y 77.3% de los varones, no realizaban ninguna actividad física asociada a la salud. Conocida esta situación, a fin de motivar actitudes positivas para el autocuidado de la salud y de incentivarlos a la práctica y la promoción de los beneficios de la actividad física saludable, se impartieron charlas acerca de los riesgos del sedentarismo, de los beneficios de ser activos y se hicieron coordinaciones de enlace con instituciones que promueven la actividad física como un estilo de vida saludable. Asimismo se propuso un programa de promoción de la actividad física saludable, e mismo que fue aceptado por la Gerencia de INCOR, otorgando las facilidades necesarias para las charlas de promoción, la posibilidad que los usuarios internos iniciaran actividades físicas en un ambiente dentro del centro laboral, la distribución de folletos y la participación en eventos de promoción de la actividad física saludable con usuarios externos y la comunidad. | |
| 526 | _aSEG44 | ||
| 526 | _aSEG26 | ||
| 526 | _aP151 | ||
| 526 | _aP150 | ||
| 526 | _aP149 | ||
| 526 | _aP146 | ||
| 526 | _aP145 | ||
| 526 | _aP126 | ||
| 526 | _aP125 | ||
| 526 | _aP92 | ||
| 526 | _aP75 | ||
| 526 | _aP74 | ||
| 526 | _aP27 | ||
| 526 | _aP15 | ||
| 650 | 0 | 4 | _aEjercicios terapéuticos. |
| 596 | _a1 | ||
| 942 |
_2ddc _cTESIS |
||
| 999 |
_aSP 3 R46 2007 _wALPHANUM _c8074 _iT01014 _lCCODEBUL3 _mBUL _r1 _sY _tTESIS _u2015-12-2 _xPOSGRADO _PP82 _o.STAFF. Tesis _d8074 |
||
| 980 |
_81 _gALBERTO SANCHEZ Responsable de Automatización |
||